Mathematician's apology (Record no. 357470)

MARC details
000 -LEADER
fixed length control field 00460 a2200193 4500
005 - DATE & TIME
control field 20241230142006.0
008 - FIXED-LENGTH DATA ELEMENTS--GENERAL INFORMATION
fixed length control field 241230b |||||||| |||| 00| 0 eng d
020 ## - ISBN
International Standard Book Number 9789388318143
Price Rs. 295.00
040 ## - CATALOGING SOURCE
Original cataloging agency VIVEKANANDA LIBRARY
082 ## - DDC NUMBER
Classification number 510
Book Number H222M
100 ## - MAIN ENTRY--PERSONAL NAME
Personal name Hardy, G H
245 ## - TITLE STATEMENT
Title Mathematician's apology
260 ## - PUBLICATION, DISTRIBUTION, ETC. (IMPRINT)
Place of publication, distribution, etc New Delhi
Name of publisher, distributor, etc Hawk Press
Date of publication, distribution, etc 2024
300 ## - PHYSICAL DESCRIPTION
Pages 75
650 ## - Subject
Subject Mathematics
650 ## - Subject
Subject Mathematician
650 ## - Subject
Subject Apology
942 ## - ADDED ENTRY ELEMENTS (KOHA)
Koha item type Books
Holdings
Withdrawn status Lost status Source of classification or shelving scheme Damaged status Not for loan Location (home branch) Sublocation or collection (holding branch) Shelving location Date acquired Koha issues (times borrowed) Koha full call number Accession No. Koha date last seen Koha item type
    Dewey Decimal Classification     VIVEKANANDA LIBRARY VIVEKANANDA LIBRARY Vivekananda Library 30/12/2024   510 H222M 441332 30/12/2024 Books
    Dewey Decimal Classification     VIVEKANANDA LIBRARY VIVEKANANDA LIBRARY Vivekananda Library 30/12/2024   510 H222M 441333 30/12/2024 Books
    Dewey Decimal Classification     VIVEKANANDA LIBRARY VIVEKANANDA LIBRARY Vivekananda Library 30/12/2024   510 H222M 441334 30/12/2024 Books
    Dewey Decimal Classification     VIVEKANANDA LIBRARY VIVEKANANDA LIBRARY Vivekananda Library 25/04/2025   510 H222M 441335 25/04/2025 Books
© Designed and Maintained by Vivekananda Library, MDU Rohtak